Die Künstleranekdote : 1760-1960 : Künstlerleben und Bildinterpretation

Anekdoten sind keineswegs immer nur harmlose Geschichten mit einer überraschenden Pointe. Vielmehr waren sie von ihren antiken Anfängen an einer anderen - oft subversiven - Wahrheit verpflichtet als die offizielle Geschichtsschreibung. Auch Künstleranekdoten verraten mehr über die Künstler und...

Full description

Saved in:
Bibliographic Details
Main Author: Busch, Werner (Author, VerfasserIn)
Document Type: Book
Language:German
Published: München : C.H. Beck , [2020]
Subjects:
Online Access:Inhaltsverzeichnis
Inhaltstext
Inhaltsverzeichnis
Rezension
Rezension
Related Items:Erscheint auch als: Die Künstleranekdote
Erscheint auch als: Die Künstleranekdote
Erscheint auch als: Die Künstleranekdote
Rezensiert in: Wahrheit oder Lüge
Rezensiert in: [Rezension von: Werner Busch, Die Künstleranekdote, 1760-1960. Künstlerleben und Bildinterpretation]
Author Notes:Werner Busch
LEADER 07362cam a2201081 c 4500
001 1694631214
003 DE-627
005 20260417185714.0
007 tu
008 200415s2020 gw ||||| 00| ||ger c
015 |a 20,N15  |2 dnb 
015 |a 20,N15  |2 dnb 
016 7 |a 1207408557  |2 DE-101 
020 |a 9783406758256  |q Festeinband : EUR 29.95 (DE)  |9 978-3-406-75825-6 
024 3 |a 9783406758256 
035 |a (DE-627)1694631214 
035 |a (DE-603)470963867 
035 |a (DE-599)DNB1207408557 
035 |a (OCoLC)1533397415 
035 |a (OCoLC)1159808564 
035 |a (OCoLC)1151001723 
040 |a DE-627  |b ger  |c DE-627  |e rda 
041 |a ger 
044 |c XA-DE-BY 
072 7 |a ART 015010  |2 bisacsh 
072 7 |a HIS 037070  |2 bisacsh 
072 7 |a ART 016000  |2 bisacsh 
072 7 |a HIS 010000  |2 bisacsh 
072 7 |a PHI 000000  |2 bisacsh 
072 7 |a ART 009000  |2 bisacsh 
072 7 |a HIS 037060  |2 bisacsh 
072 7 |a HIS 037050  |2 bisacsh 
072 7 |a BIO 009000  |2 bisacsh 
082 0 |a 709.032  |q DE-101 
082 0 4 |a 700  |q DE-101 
084 |a KUNST  |q DE-16  |2 fid 
084 |a LH 65700  |q DE-24/20sred  |2 rvk  |0 (DE-625)rvk/94554: 
084 |a GE 6062  |2 rvk  |0 (DE-625)rvk/39153: 
084 |a 17.84  |2 bkl 
084 |a 20.31  |2 bkl 
090 |a a 
100 1 |a Busch, Werner  |d 1944-  |e VerfasserIn  |0 (DE-588)124554547  |0 (DE-627)363417826  |0 (DE-576)216630592  |4 aut 
245 1 4 |a Die Künstleranekdote  |b 1760-1960 : Künstlerleben und Bildinterpretation  |c Werner Busch 
264 1 |a München  |b C.H. Beck  |c [2020] 
264 4 |c © 2020 
300 |a 303 Seiten, 30 ungezählte Seiten Bildtafeln  |b Illustrationen  |c 22 cm x 14 cm 
336 |a Text  |b txt  |2 rdacontent 
337 |a ohne Hilfsmittel zu benutzen  |b n  |2 rdamedia 
338 |a Band  |b nc  |2 rdacarrier 
520 |a Anekdoten sind keineswegs immer nur harmlose Geschichten mit einer überraschenden Pointe. Vielmehr waren sie von ihren antiken Anfängen an einer anderen - oft subversiven - Wahrheit verpflichtet als die offizielle Geschichtsschreibung. Auch Künstleranekdoten verraten mehr über die Künstler und ihr Werk, als es scheint. Der Kunsthistoriker Werner Busch zeigt dies in bestechender Weise an bedeutenden Malern von Thomas Gainsborough über Adolph Menzel und William Turner bis zu Mark Rothko. Im 18. und 19. Jahrhundert erlebte die Anekdote vor allem in England eine Blütezeit, wobei fast jeder bedeutendere Künstler eine Anekdotensammlung bekam. Diese Anekdoten mögen nicht immer den Wahrheitsansprüchen der empirischen Geschichtsschreibung genügen. Trotzdem - oder vielleicht gerade deswegen - können sie helfen, die Werke etwa von George Stubbs, von Thomas Gainsborough und William Turner zu entschlüsseln. Auch im 20. Jahrhundert spielte die Anekdote bei Malern des Abstrakten Expressionismus eine verblüffende Rolle. Die Geschichten, die die Künstler zumeist selber in Umlauf brachten, sind Ausdruck von Gegenpositionen gegenüber etablierten Überzeugungen, sie antworten auf Künstlerkollegen wie auf die Kunstkritik. Und die Bilder von Mark Rothko erzählen selbst Geschichten, die sich gegen die falsche Vereinnahmung der Werke wenden. Mit kriminalistischem Spürsinn hebt Werner Busch mithilfe von Künstleranekdoten verhüllte oder verschüttete Bedeutungen großer Kunstwerke ans Licht. „Über das Verhältnis von Dichtung und Wahrheit lässt sich auch oder vor allem bei Künstleranekdoten hervorragend nachdenken und forschen. Dass sich nach den eher anspruchsvollen aber auch für kunstinteressierte Laien gut lesbaren Kapiteln der Fokus am Ende des Buches nun auf die Fiktion richtet, ist eine sympathische Idee“ (literaturkritik.de) 
583 1 |a Archivierung/Langzeitarchivierung gewährleistet  |f FID  |x XA-DE-BW  |2 pdager  |5 DE-16 
648 7 |a Geschichte 1760-1960  |2 gnd 
650 0 7 |0 (DE-588)4033423-5  |0 (DE-627)106257307  |0 (DE-576)209001941  |a Künstler  |2 gnd 
650 0 7 |0 (DE-588)4142399-9  |0 (DE-627)104704101  |0 (DE-576)209718447  |a Anekdote  |2 gnd 
689 0 0 |d s  |0 (DE-588)4033423-5  |0 (DE-627)106257307  |0 (DE-576)209001941  |a Künstler  |2 gnd 
689 0 1 |d s  |0 (DE-588)4142399-9  |0 (DE-627)104704101  |0 (DE-576)209718447  |a Anekdote  |2 gnd 
689 0 2 |a z  |2 gnd  |a Geschichte 1760-1960 
689 0 |5 DE-101 
689 1 0 |d s  |0 (DE-588)4033423-5  |0 (DE-627)106257307  |0 (DE-576)209001941  |a Künstler  |2 gnd 
689 1 1 |d s  |0 (DE-588)4142399-9  |0 (DE-627)104704101  |0 (DE-576)209718447  |a Anekdote  |2 gnd 
689 1 |5 (DE-627) 
689 2 0 |d s  |0 (DE-588)4033423-5  |0 (DE-627)106257307  |0 (DE-576)209001941  |a Künstler  |2 gnd 
689 2 1 |d s  |0 (DE-588)4132569-2  |0 (DE-627)105686727  |0 (DE-576)209636661  |a Bildbetrachtung  |2 gnd 
689 2 |5 (DE-627) 
776 1 |z 9783406758263  |c epub 
776 1 |z 9783406758270  |c pdf 
776 0 8 |i Erscheint auch als  |n Online-Ausgabe  |a Busch, Werner, 1944 -   |t Die Künstleranekdote  |d München : C.H. Beck, 2020  |h 1 Online-Ressource (303 Seiten, 30 ungezählte Seiten Bildtafeln)  |w (DE-627)1840921137  |z 9783406758263  |z 9783406758270 
776 0 8 |i Erscheint auch als  |n Online-Ausgabe  |a Busch, Werner, 1944 -   |t Die Künstleranekdote  |d München : C.H. Beck, 2020  |h 1 Online-Ressource (301 ungezählte Seiten)  |w (DE-627)1738814750  |z 9783406758263 
776 0 8 |i Erscheint auch als  |n Online-Ausgabe  |a Busch, Werner, 1944 -   |t Die Künstleranekdote  |d München : C.H. Beck, 2020  |h 1 Online-Ressource (303 Seiten)  |w (DE-627)1768127565  |z 9783406758270 
787 0 8 |i Rezensiert in  |a Krautzig, Steffen, 1977 -   |t Wahrheit oder Lüge  |d 2020  |w (DE-627)1758439602 
787 0 8 |i Rezensiert in  |a Boyer-Weinmann, Martine, 1959 -   |t [Rezension von: Werner Busch, Die Künstleranekdote, 1760-1960. Künstlerleben und Bildinterpretation]  |d 2022  |w (DE-627)1877958174 
856 4 2 |u https://www.gbv.de/dms/art-berlin/1694631214.pdf  |m V:DE-601  |m B:DE-B11  |q pdf/application  |3 Inhaltsverzeichnis  |7 1 
856 4 2 |u http://deposit.dnb.de/cgi-bin/dokserv?id=5c2542c9f3bb4236be6d8042b82e15a0&prov=M&dok_var=1&dok_ext=htm  |m X:MVB  |q text/html  |v 2020-04-15  |x Verlag  |3 Inhaltstext  |7 1 
856 4 2 |u https://d-nb.info/1207408557/04  |m B:DE-101  |q application/pdf  |3 Inhaltsverzeichnis  |7 1 
856 4 2 |u https://www.perlentaucher.de/buch/werner-busch/die-kuenstleranekdote-1760-1960.html  |3 Rezension  |7 1 
856 4 2 |u https://literaturkritik.de/public/rezension.php?rez_id=27366  |3 Rezension  |7 1 
935 |i sf 
936 r v |a LH 65700  |b Neuzeit insgesamt  |k Kunstgeschichte  |k Allgemeines. Allgemeine Kunstgeschichte  |k Allgemeine Kunstgeschichte: Darstellungen  |k Darstellungen einzelner Epochen  |k Mittlere und neuere Kunstgeschichte  |k Neuzeit  |k Neuzeit insgesamt  |0 (DE-627)1270643258  |0 (DE-625)rvk/94554:  |0 (DE-576)200643258 
936 r v |a GE 6062  |b Anekdote  |k Germanistik. Niederlandistik. Skandinavistik  |k Deutsche Literatur  |k Literaturgeschichte  |k Geschichte der literarischen Gattungen  |k Epik  |k Erzählende Prosa  |k Anekdote  |0 (DE-627)1270859641  |0 (DE-625)rvk/39153:  |0 (DE-576)200859641 
936 b k |a 17.84  |j Sonstige literarische Gattungen  |0 (DE-627)181571692 
936 b k |a 20.31  |j Bildende Künstler  |0 (DE-627)181571080 
936 s n |a g100  |2 mzub 
936 s n |a l300  |2 mzub 
951 |a BO 
990 |a Künstler 
990 |a Anekdote 
990 |a Geschichte 1760-1960 
990 |a Künstler 
990 |a Anekdote 
990 |a Künstler 
990 |a Bildbetrachtung 
991 |a Rezensiertes Werk 
999 |a KXP-PPN1694631214  |e 4967429815